Idiomas escritos sin vocales #2 - Estadísticas

Estadísticas generales
  • Esta prueba ha sido intentada 221 veces
    217 desde el último reinicio
  • La puntuación promedio es 11 de 15
Estadísticas de respuestas
Pista Idioma % Correcto
H_BR__ Hebreo
97%
L_T_N Letón o Latín
97%
T__L_ND_S Tailandés
96%
GR__G_ Griego
94%
_L_M_N Alemán
92%
CH_C_ Checo
89%
_CR_N__N_ Ucraniano
86%
Q__CH__ Quechua/Quichua
79%
Z_L_ Zulú
78%
C_NT_N_S Cantonés
73%
R_M_NCH_ Romanche
69%
_T_L__N_ Italiano
66%
F_Y__N_ Fiyiano
48%
_Z_R_ Azerí
30%
P_P__M_NT_ Papiamento
30%
No se encontraron pruebas coincidentes
Distribución de puntuación
Porcentaje de gente con cada puntuación
Porcentaje por número respondido
Historial de tus puntuaciones
No has intentado esta prueba desde el último reinicio